แสดงรายละเอียดบรรณานุกรม
  กลับหน้าหลัก

Brief Record : Get Marc (ISO 2709) : E-mail record : QR code ปิดหน้าต่าง
E-books : เกี่ยวกับ Collections
LEADER 00000nam 2200000uu 4500
008    121114s||||||||th 000 0 tha d
020    ^a8858710304343
040    ^abcnkk.
041 0  ^atha.
090    นว ก111กล
100 0  ^aกีรรัช.
245 00 ^aกลิ่นแก้วบุษยา/^cกีรรัช.
260    ^aกรุงเทพฯ:^bมายเลิฟ,^cม.ป.พ.
300    ^a448 หน้า.
650  0 ^aนวนิยายไทย.
999    ^aใช้งานได้ทุกระบบ
รายการนี้ยังไม่มีแท็ก
คุณยังไม่ได้ล็อกอิน คุณสามารถมีกิจกรรมร่วมกับเว็บไซต์ได้ แต่ต้องล็อกอินก่อน ::
  ล็อกอิน
ลำดับที่ ประเภท เลขเรียก สถานที่ สถานะ
1. นวนิยาย
นวนิยาย
นว ก111กล  
  
หนังสือทั่วไป On Shelf
  ขอยืม
2. นวนิยาย
นวนิยาย
นว ก111กล ฉ.2 
  
หนังสือทั่วไป On Shelf
  ขอยืม
   [แสดง 2/2 รายการ]

รายการใกล้เคียง
    หัวเรื่อง [นวนิยายไทย.]

BibComment


ยังไม่เคยถูกคอมเมนท์

คอมเมนท์ทรัพยากรรายการนี้
  คอมเมนท์: กลิ่นแก้วบุษยา ก..
Bib 208658

 
 
 

 Union Library Management : ULibM
Copyright 2026. All Rights Reserved.
скачать бесплатно без регистрации порно красивый секс HD Sex Hindi sex

xxx gou

xxxx

bfxxx

xxxwww

Секса Видео

xxxx

Секса Видео

detube

geilexxx

C99 Shell

worms shell

blod xxx video
Ebony Coed Rihanna Rimes Takes A Dick In Her Young Twat priyaa indian fuck anal and pusssy hardcore indian women xxx desi hardcore fucking part 1 bengalixxxcouple